00705nam a2200193Ia 4500008004100000020001500041020001800056041000800074050002300082100001400105245007900119246006700198260005900265300002900324490005100353650003300404650004000437650003400477200825s9999||||xx |||||||||||||| ||und|| a9577272843 a9789577272843 achi aBR1288b.C485 2006 a陳建明 0a激揚文字廣傳福音: b近代基督教在華文字事工 /c陳建明 a激扬文字广传福音 :b近代基督教在华文字事工/ a台北 : b基督教宇宙光全人關懷機構,c2006 a254 p. :bill. ;c21 cm. a馬禮遜入華宣教200年紀念文集vv. 25 aChurch history 20th century. aMission China History 20th century. aReligion and the press China.